Loading...
| Fine Arts - Classical Music | 2 | 15.00 | 100% | 50% | 0% |
| Fine Arts - Other Fine Arts | 2 | 25.00 | 100% | 100% | 50% |
| Fine Arts - Visual Fine Arts | 3 | 20.00 | 100% | 67% | 33% |
| Geography/Current Events | 3 | 13.33 | 67% | 67% | 0% |
| History - American History | 5 | 14.00 | 100% | 0% | 40% |
| History - European History | 5 | 12.00 | 100% | 20% | 0% |
| History - Other History | 4 | 20.00 | 100% | 75% | 25% |
| History - World History | 1 | 10.00 | 100% | 0% | 0% |
| Literature - American Literature | 3 | 16.67 | 100% | 67% | 0% |
| Literature - British Literature | 6 | 21.67 | 100% | 83% | 33% |
| Literature - European Literature | 3 | 23.33 | 100% | 100% | 33% |
| Literature - World/Other Literature | 7 | 24.29 | 100% | 100% | 43% |
| Mythology | 5 | 28.00 | 100% | 100% | 80% |
| Other Academic | 1 | 20.00 | 100% | 100% | 0% |
| Philosophy | 7 | 12.86 | 100% | 29% | 0% |
| Religion | 5 | 16.00 | 100% | 40% | 20% |
| Science - Biology | 2 | 15.00 | 100% | 0% | 50% |
| Science - Chemistry | 4 | 12.50 | 100% | 25% | 0% |
| Science - Other Science | 5 | 10.00 | 100% | 0% | 0% |
| Science - Physics | 3 | 10.00 | 100% | 0% | 0% |
| Social Science | 2 | 10.00 | 100% | 0% | 0% |
| World/Other Literature> | 1 | 20.00 | 100% | 100% | 0% |